The effeciency of forest management process in banteaysrey forest administration subsection,banteaysrey section siamreap contonment, ប្រសិទ្ធភាពនៃដំណើរការគ្រប់គ្រងព្រឈើក្នុងសង្កាត់រដ្ឋបាលព្រៃឈើបន្ទាយស្រី ផ្នែករដ្ឋបាលព្រៃឈើបន្ទាយស្រី ខណ្ឌរដ្ឋបាលព្រៃឈើសៀុមរាប (Record no. 4328)
[ view plain ]
| 000 -LEADER | |
|---|---|
| fixed length control field | 00865nam a22001577a 4500 |
| 003 - CONTROL NUMBER IDENTIFIER | |
| control field | OSt |
| 005 - DATE AND TIME OF LATEST TRANSACTION | |
| control field | 20151210105348.0 |
| 008 - FIXED-LENGTH DATA ELEMENTS--GENERAL INFORMATION | |
| fixed length control field | 151210b xxu||||| |||| 00| 0 eng d |
| 040 ## - CATALOGING SOURCE | |
| Transcribing agency | RUA |
| 082 ## - DEWEY DECIMAL CLASSIFICATION NUMBER | |
| Classification number | ATM HOK 2004 B205 Or.1 |
| 100 ## - MAIN ENTRY--PERSONAL NAME | |
| 9 (RLIN) | 4645 |
| Personal name | HOK, BUNTHY |
| 245 ## - TITLE STATEMENT | |
| Title | The effeciency of forest management process in banteaysrey forest administration subsection,banteaysrey section siamreap contonment, ប្រសិទ្ធភាពនៃដំណើរការគ្រប់គ្រងព្រឈើក្នុងសង្កាត់រដ្ឋបាលព្រៃឈើបន្ទាយស្រី ផ្នែករដ្ឋបាលព្រៃឈើបន្ទាយស្រី ខណ្ឌរដ្ឋបាលព្រៃឈើសៀុមរាប |
| 260 ## - PUBLICATION, DISTRIBUTION, ETC. (IMPRINT) | |
| Place of publication, distribution, etc. | Phnom Penh |
| Name of publisher, distributor, etc. | RUA |
| Date of publication, distribution, etc. | 2004 |
| 300 ## - PHYSICAL DESCRIPTION | |
| Extent | vii, 49p. |
| Other physical details | ill. |
| Dimensions | 29cm. |
| 942 ## - ADDED ENTRY ELEMENTS (KOHA) | |
| Source of classification or shelving scheme | |
| Koha item type | ATM |
| Price effective from | Date last seen | Permanent Location | Not for loan | Date acquired | Source of classification or shelving scheme | Koha item type | Barcode | Lost status | Damaged status | Withdrawn status | Current Location | Full call number |
|---|---|---|---|---|---|---|---|---|---|---|---|---|
| 2015-12-10 | 2015-12-10 | Library Block B | 2015-12-10 | ATM | RUA034683 | Library Block B | ATM HOK 2004 B205 Or.1 | |||||
| 2015-12-10 | 2015-12-10 | Library Block B | 2015-12-10 | ATM | RUA016925 | Library Block B | ATM HOK 2004 B205 Or.2 | |||||
| 2015-12-10 | 2015-12-10 | Library Block B | 2015-12-10 | ATM | RUA016979 | Library Block B | ATM HOK 2004 B205 Or.3 | |||||
| 2015-12-10 | 2015-12-10 | Library Block B | 2015-12-10 | ATM | RUA016907 | Library Block B | ATM HOK 2004 B205 Or.4 | |||||
| 2015-12-10 | 2015-12-10 | Library Block B | 2015-12-10 | ATM | RUA016945 | Library Block B | ATM HOK 2004 B205 Or.5 | |||||
| 2015-12-10 | 2015-12-10 | Library Block B | 2015-12-10 | ATM | RUA034624 | Library Block B | ATM HOK 2004 B205 Or.6 | |||||
| 2015-12-10 | 2015-12-10 | Library Block B | 2015-12-10 | ATM | RUA033748 | Library Block B | ATM HOK 2004 B205 Or.7 |